000 00771nam a2200289Ia 4500
005 20260324112512.0
008 008 260324s9999 xx 000 0 eng d
020 _a9781003272786
037 _aEBOOK
040 _aCRL
040 _beng
040 _cCRL
041 _2eng
041 _aeng
084 _qCRL
100 _aChristopher M. Hayre; Dave Muller; Paul M.W. Hackett; Ava Gordley-Smith; Marcia Scherer
_91142960
245 0 _aEmerging Technologies in Healthcare
245 0 _bInterpersonal and Client Based Perspectives
260 _bTaylor and Francis
260 _c2024
365 _a
365 _b240
856 _uhttp://www.taylorfrancis.com/books/9781003272786
942 _cEBOOK
999 _c1732195
_d1732195